000 00223 a2200097 4500
001 30096
100 _aMeiksin
245 _aThin & thick films for by bird micro electronics
260 _a
_bHeath
_c
090 _c20048
_d20048
942 _aNUST-CAE
_cM
_c11168
999 _c265169
_d265169